000 00267nam a22001217a 4500
008 170529b xxu||||| |||| 00| 0 eng d
041 _aeng
080 _a34
100 _a14
101 _aSHJ
245 _aTHE AMERICAN CONSTITUTION
_cLOCKHART, W.B
942 _2udc
_cBK
999 _c14959
_d14959